LIBRARY & INFORMATION CENTRE, KCAET, TAVANUR

ONLINE PUBLIC ACCESS CATALOGUE (OPAC)

Performance evaluation of coconut palm climbing by analytical hierarchy process and quality function deployment techniques (Record no. 15711)

MARC details
000 -LEADER
fixed length control field 00507nam a22001577a 4500
003 - CONTROL NUMBER IDENTIFIER
control field OSt
082 ## - DEWEY DECIMAL CLASSIFICATION NUMBER
Classification number 631.3
Item number AMA/P
088 ## - REPORT NUMBER
Report number P 444
100 ## - MAIN ENTRY--AUTHOR NAME
Personal name Amal Kumar V P
100 ## - MAIN ENTRY--AUTHOR NAME
Personal name Aswin N
100 ## - MAIN ENTRY--AUTHOR NAME
Personal name Sreerag K P
245 ## - TITLE STATEMENT
Title Performance evaluation of coconut palm climbing by analytical hierarchy process and quality function deployment techniques
260 ## - PUBLICATION, DISTRIBUTION, ETC. (IMPRINT)
Place of publication Tavanur
Name of publisher Depatrtment of Farm Machinery and Power Engineering
Year of publication 2019
700 ## - ADDED ENTRY--PERSONAL NAME
Personal name Manoj Mathew (Guide)
942 ## - ADDED ENTRY ELEMENTS (KOHA)
Koha item type Project Report
Holdings
Collection code Home library Current library Shelving location Full call number Accession Number Koha item type
Reference KAUAET KAUAET Reference 631.3 AMA/P P 444 Project Report
free website counter